000
00222 a2200085 4500
100
_a
B K Sharma
_9
211506
245
_a
Instrumental Methods of Chemical Analysis Vol 2
250
_a
5th
260
_b
Krishna Prakashan Media
_c
2025
999
_c
365357
_d
365357